STN EN 60670-23: 2009 (37 0100) Škatule a úplné kryty na elektrické príslušenstvá pre domácnosť a na podobné pevné elektrické inštalácie Časť 23 Osobitné požiadavky na škatule a úplné kryty umiestnené v podlahe
Táto norma je slovenskou verziou európskej normy EN 60670-23: 2008. Preklad zabezpečil Slovenský ústav technickej normalizácie. Táto norma má rovnaké postavenie, ako majú oficiálne verzie
| Corporate Author: | |
|---|---|
| Other Authors: | |
| Format: | Book |
| Language: | Slovak English |
| PhysicalDescription: | 12 s. obr., tab. 30 cm |
| Published: |
Bratislava
Slovenský ústav technickej normalizácie
2009
|
| Subjects: |
MARC
| LEADER | 00000nam a2200000 a 4500 | ||
|---|---|---|---|
| 001 | vtls009941231 | ||
| 003 | SK-MaSNL | ||
| 005 | 20260301171959.0 | ||
| 008 | 160624s2009 xo ka f u 000 0 slo | ||
| 015 | |a SNBN2010/01-00348 | ||
| 020 | |c (cen. skup. 10) | ||
| 040 | |a SNK |b slo |c SNK |e AACR2 | ||
| 041 | 1 | |a slo |h eng | |
| 044 | |a xo |c SK | ||
| 046 | |a s |m 200908 (účin. ) | ||
| 072 | 7 | |a 621.3 |x Elektrotechnika |2 konspekt | |
| 080 | |a 621.316.17 |2 2001 | ||
| 080 | |a 006.7/.8 |2 2001 | ||
| 080 | |a (437.6) |2 2001 | ||
| 080 | |a (4) |2 2001 | ||
| 080 | |a 621.316.67 |2 2001 | ||
| 084 | |a 29.120.10 |2 ICS | ||
| 130 | 0 | |a STN 37 0100 (STN EN 60670-23) |9 540673 | |
| 245 | 1 | 0 | |a STN EN 60670-23: 2009 (37 0100) Škatule a úplné kryty na elektrické príslušenstvá pre domácnosť a na podobné pevné elektrické inštalácie |n Časť 23 |p Osobitné požiadavky na škatule a úplné kryty umiestnené v podlahe |c spracovateľ JTM, Dolný Kubín, Jozef Tomo |
| 246 | 1 | 0 | |a Škatule a úplné kryty na elektrické príslušenstvá pre domácnosť a na podobné pevné elektrické inštalácie. Časť 23 |
| 246 | 3 | 0 | |a EN 60670-23: 2008 E |
| 246 | 1 | 0 | |a Osobitné požiadavky na škatule a úplné kryty umiestnené v podlahe |
| 260 | |a Bratislava |b Slovenský ústav technickej normalizácie |c 2009 | ||
| 300 | |a 12 s. |b obr., tab. |c 30 cm | ||
| 504 | |a Súvisiace právne predpisy s. 2 | ||
| 520 | 8 | |a Táto norma je slovenskou verziou európskej normy EN 60670-23: 2008. Preklad zabezpečil Slovenský ústav technickej normalizácie. Táto norma má rovnaké postavenie, ako majú oficiálne verzie | |
| 540 | |a STN vydané na akomkoľvek nosiči sa môžu rozmnožovať a rozširovať iba so súhlasom určenej právnickej osoby |b SÚTN Bratislava |c zákon 264/1999 Z. z. | ||
| 650 | 0 | 7 | |a elektrické inštalácie |2 SVKBBPH |9 67471 |
| 650 | 0 | 7 | |a technické normy a štandardy |z Slovensko |2 SVKBBPH |9 79594 |
| 650 | 0 | 7 | |a technické normy a štandardy |z krajiny Európskej únie |2 SVKBBPH |9 289341 |
| 650 | 0 | 7 | |a elektroinštalačné škatule |2 SVKBBPH |9 359593 |
| 655 | 7 | |a normy |2 SVKBBPH |9 70643 | |
| 700 | 1 | |a Tomo, Jozef |4 trl |9 328607 | |
| 710 | 2 | |a JTM (Dolný Kubín, Slovensko) |4 aut |9 328608 | |
| 710 | 2 | |a Slovenský ústav technickej normalizácie (Bratislava, Slovensko) |b Technická komisia: TK 82 Elektrické prístroje a rozvádzače |4 stn |9 321180 | |
| 958 | |a OP | ||
| 958 | |a NB | ||
| 999 | |c 832018 |d 833948 | ||
| 952 | |a SNK |b SNK |y PREZ |7 0 |p 17A0630287 |o snkSTN EN 60670-23 |i snk2009/15720 |8 0 |0 0 |1 0 |4 0 |d 2009-09-02 |l 0 |r 2026-02-24 03:41:58 |w 2026-02-24 | ||
| 952 | |a SNK |b SNK |y PREZ |7 0 |p 17A0630288 |o snkSTN EN 60670-23 D1 |i snk2009/15721 |8 0 |0 0 |1 0 |4 0 |d 2009-09-02 |l 0 |r 2026-02-24 03:41:58 |w 2026-02-24 | ||


